zpět

Detail výsledku týmu

Restaurace Queen, Olomouc

Datum a čas kvízu

30.5 Celkem bodů Celkový počet nahraných bodů na tomto kvízu bez doplňovacích otázek.
4. Pořadí na kvízu Konečné umístění týmu na tomto kvízu.

Zaznamenané odpovědi

# Otázka Odpověď Body Výsledky
1. ODS v pondělí představila svou... 1B 2D 3A 4C 0
2. Britské bankovky budou mít nov... C 0
3. V poslanecké sněmovně proběhl... v (lidovém) kroji 1
4. Minulý týden jste se mohli doč... D 1
5. V pátek se Česko po 24 letech... Carina Edlingerová; (para)biatlon 0
6. Nejrozšířenějším „národním spo... D 1
7. Za národní sport lze považovat... národní házená (česká házená) 1
8. Podle anglické Wikipedie exist... o Kanadě 1
9. U uzákoněných národních sportů... polo; basketbal 0
10. I medailové úspěchy z olympijs... D 1